[Event "ESP-ch U16"]
[Site "Salobrena"]
[Date "2022.07.27"]
[Round "4"]
[White "Bermudez Ureba, Juan Diego"]
[Black "Perez Bolanos, David"]
[Result "1/2-1/2"]
[WhiteElo "2198"]
[BlackElo "2041"]
[PlyCount "50"]
[EventDate "2022.07.25"]
[EventType "swiss"]
[EventRounds "9"]
[EventCountry "ESP"]
[SourceTitle "EXT 2023"]
[Source "ChessBase"]
[SourceDate "2022.10.05"]
[SourceVersion "1"]
[SourceVersionDate "2022.10.05"]
[SourceQuality "1"]

1. e4 c5 2. Ne2 d6 3. g3 Nc6 4. Bg2 h5 5. h3 g6 6. c3 Bg7 7. d4 cxd4 8. cxd4 Qb6 9. Nbc3 Nxd4 10. Nd5 Qc5 11. Nxd4 Bxd4 12. Nc7+ Qxc7 13. Qxd4 e5 14. Qd3 Be6 15. Bd2 Ne7 16. Rc1 Qd7 17. Bb4 Rd8 18. 0-0 Nc6 19. Bd2 Ne7 20. Bb4 Nc6 21. Bd2 Ne7 22. Bb4 Nc6 23. Bd2 Ne7 24. Bb4 Nc6 25. Bd2 Ne7 1/2-1/2

[Event "ESP-ch States U16"]
[Site "Isla"]
[Date "2022.06.23"]
[Round "1"]
[White "Martinez Soriano, Javier"]
[Black "Bermudez Ureba, Juan Diego"]
[Result "1/2-1/2"]
[WhiteElo "1948"]
[BlackElo "2241"]
[PlyCount "99"]
[EventDate "2022.06.23"]
[EventType "swiss"]
[EventRounds "6"]
[EventCountry "ESP"]
[SourceTitle "EXT 2023"]
[Source "ChessBase"]
[SourceDate "2022.10.05"]
[SourceVersion "1"]
[SourceVersionDate "2022.10.05"]
[SourceQuality "1"]

1. e4 e5 2. Nf3 Nc6 3. d4 exd4 4. Nxd4 Bc5 5. Nb3 Bb6 6. Nc3 Nf6 7. Qe2 a5 8. a4 0-0 9. Be3 Bxe3 10. Qxe3 d5 11. 0-0-0 Nb4 12. h3 Re8 13. g4 Qe7 14. exd5 Qxe3+ 15. fxe3 Rxe3 16. Bg2 Rg3 17. Rhg1 h5 18. Ne4 Nxe4 19. Bxe4 Rxh3 20. gxh5 Rxh5 21. c3 Rh4 22. Rge1 Na6 23. d6 cxd6 24. Rxd6 Be6 25. Bxb7 Rb8 26. Nd4 Nc5 27. Nxe6 Nxb7 28. Rd4 Rh2 29. Nc7 Nc5 30. Rd5 Nxa4 31. Rxa5 Nxb2 32. Re8+ Rxe8 33. Nxe8 Rf2 34. Nd6 Kh7 35. Rh5+ Kg6 36. Rh3 f5 37. Rg3+ Kh7 38. Nxf5 Nd3+ 39. Rxd3 Rxf5 40. Kc2 g5 41. c4 Kg6 42. Kc3 g4 43. Kd4 Rf4+ 44. Kd5 Rf3 45. Rd1 Kf5 46. c5 g3 47. c6 Rc3 48. Kd6 Kg4 49. c7 g2 50. Kd7 1/2-1/2

[Event "ESP-ch 86th"]
[Site "Linares"]
[Date "2021.08.22"]
[Round "7"]
[White "Bermudez Ureba, Juan Diego"]
[Black "Centeno Mendoza, Julio Stefano"]
[Result "0-1"]
[WhiteElo "2229"]
[BlackElo "1988"]
[PlyCount "110"]
[EventDate "2021.08.16"]
[EventType "swiss"]
[EventRounds "9"]
[EventCountry "ESP"]
[SourceTitle "CBM 204 Extra"]
[Source "ChessBase"]
[SourceDate "2021.11.30"]
[SourceVersion "1"]
[SourceVersionDate "2021.11.30"]
[SourceQuality "1"]

1. e4 e5 2. Nf3 Nc6 3. d4 exd4 4. Nxd4 Bc5 5. Nxc6 Qf6 6. Qd2 dxc6 7. Qf4 Be6 8. Nc3 0-0-0 9. Bd3 Bd4 10. Qxf6 Nxf6 11. Ne2 Bc5 12. f3 Nd7 13. Nf4 Rhe8 14. Nxe6 Rxe6 15. Bd2 Ne5 16. Ke2 Bd4 17. Rab1 g6 18. Rhd1 c5 19. b3 Nxd3 20. cxd3 Ra6 21. a4 b5 22. axb5 Rb6 23. b4 Rxb5 24. bxc5 Rxb1 25. Rxb1 Bxc5 26. Be3 Bb6 27. Rd1 Kb7 28. d4 a5 29. d5 Ra8 30. Ra1 Ka6 31. Kd3 h5 32. e5 Rd8 33. Bxb6 cxb6 34. Kd4 Kb7 35. Ra2 Ka6 36. d6 Rc8 37. e6 fxe6 38. Ke5 b5 39. d7 Rd8 40. Kxe6 b4 41. Ke7 Rxd7+ 42. Kxd7 Kb5 43. g4 hxg4 44. fxg4 b3 45. Rf2 a4 46. h4 a3 47. Rf8 a2 48. Ra8 b2 49. Rb8+ Kc5 50. Rxb2 a1Q 51. Rc2+ Kd5 52. Rd2+ Ke5 53. Re2+ Kf4 54. Re6 Qg7+ 55. Kd6 Kxg4 0-1

[Event "Jerez de la Frontera IM"]
[Site "Jerez de la Frontera"]
[Date "2021.07.27"]
[Round "2"]
[White "Bermudez Ureba, Juan Diego"]
[Black "Domingo Nunez, Alejandro"]
[Result "0-1"]
[WhiteElo "2191"]
[BlackElo "2358"]
[PlyCount "140"]
[EventDate "2021.07.26"]
[EventType "tourn"]
[EventRounds "9"]
[EventCountry "ESP"]
[EventCategory "6"]
[SourceTitle "CBM 203 Extra"]
[Source "ChessBase"]
[SourceDate "2021.09.30"]
[SourceVersion "1"]
[SourceVersionDate "2021.09.30"]
[SourceQuality "1"]

1. e4 c6 2. Nc3 d5 3. Nf3 dxe4 4. Nxe4 Nf6 5. Qe2 Nxe4 6. Qxe4 Qd5 7. Qxd5 cxd5 8. d4 Nc6 9. Bf4 Bf5 10. c3 f6 11. Rd1 g5 12. Bg3 h5 13. h4 g4 14. Ng1 Bh6 15. Bd3 Bxd3 16. Rxd3 0-0-0 17. Ne2 e6 18. 0-0 Ne7 19. Bf4 Bg7 20. Rc1 Kd7 21. Bg3 Rc8 22. Re1 e5 23. dxe5 fxe5 24. Nc1 Kd6 25. Rde3 Ng6 26. Nd3 Rce8 27. Nf4 Nxf4 28. Bxf4 Rhf8 29. Bg3 Rf5 30. Rd3 Ke6 31. Red1 e4 32. R3d2 Rc8 33. Kf1 b5 34. Re2 a5 35. Rdd2 Rff8 36. Rc2 Rc4 37. Ke1 Kf5 38. Kd1 Rfc8 39. Red2 Ke6 40. Bf4 b4 41. cxb4 axb4 42. Rxc4 dxc4 43. Rd6+ Kf5 44. g3 c3 45. bxc3 bxc3 46. Kc2 Ra8 47. Rd5+ Ke6 48. Rd6+ Ke7 49. Kb1 Rb8+ 50. Kc1 Rb2 51. Ra6 Rxf2 52. Ra7+ Kf8 53. Ra8+ Kf7 54. Ra7+ Kg6 55. Ra6+ Kh7 56. Ra4 Rxf4 57. gxf4 g3 58. Rxe4 g2 59. Re1 Bd4 60. Kc2 Kg6 61. Kd3 g1Q 62. Rxg1+ Bxg1 63. Kxc3 Kf5 64. Kd3 Kxf4 65. Ke2 Kg3 66. Kf1 Ba7 67. a4 Bc5 68. a5 Bd4 69. a6 Ba7 70. Ke2 Kxh4 0-1